Los artistas escriben (Record no. 124217)

MARC details
000 -LEADER
campo de control de longitud fija 00745nam a2200205 i 4500
001 - NÚMERO DE CONTROL
campo de control 124217
003 - IDENTIFICADOR DE NÚMERO DE CONTROL
campo de control ES-MaACL
005 - FECHA Y HORA DE LA ÚLTIMA TRANSACCIÓN
campo de control 20250408063058.0
007 - CAMPO FIJO DE DESCRIPCIÓN FÍSICA--INFORMACIÓN GENERAL
campo de control de longitud fija t|
008 - DATOS DE LONGITUD FIJA--INFORMACIÓN GENERAL
campo de control de longitud fija 070214s1954 sp r ||||1| spa d
100 1# - ENTRADA PRINCIPAL--NOMBRE DE PERSONA
Nombre de persona Ras, Matilde,
Fechas asociadas al nombre 1881-1969
9 (RLIN) 95477
245 14 - MENCIÓN DEL TÍTULO
Título Los artistas escriben
Resto del título : el temperamento visual y el temperamento auditivo : (estudios grafológicos especiales) /
Mención de responsabilidad, etc. Matilde Ras.
250 ## - MENCION DE EDICION
Mención de edición 1ª. ed. española.
260 ## - PUBLICACIÓN, DISTRIBUCIÓN, ETC.
Lugar de publicación, distribución, etc. Madrid :
Nombre del editor, distribuidor, etc. Alhambra,
Fecha de publicación, distribución, etc. 1954.
300 ## - DESCRIPCIÓN FÍSICA
Extensión 192 p. :
Otras características físicas grab. carácteres manuscr. y música intercal. ;
Dimensiones 19 cm.
490 1# - MENCIÓN DE SERIE
Mención de serie Colección enciclopédica ;
Designación de volumen o secuencia 2
830 0# - PUNTO DE ACCESO ADICIONAL DE SERIE-TÍTULO UNIFORME
Título uniforme Colección enciclopédica ;
Designación de volumen o secuencia 2
9 (RLIN) 218996
852 ## - LOCALIZACIÓN
Ubicación ES-MaACL
Número de control de estantería C-6490
Sublocalización o colección R.35657
Holdings
Estatus retirado Estado de pérdida Estado de daño No para préstamo Biblioteca de origen Biblioteca actual Ubicación en estantería Fecha de adquisición Fuente de adquisición Total de préstamos Signatura topográfica completa Código de barras Visto por última vez Precio de reemplazo Tipo de ítem Koha
        Biblioteca del Ateneo de Madrid Biblioteca del Ateneo de Madrid Sala Palomar 17/01/2008     C-6490 1129408 23/02/2023 23/02/2023 Libro impreso